Early civilizations of the old world : the formative histories of Egypt, the Levant, Mesopotamia, India, and China /

محفوظ في:

المؤلف الرئيسي: Maisels, Charles Keith (مؤلف)

التنسيق: كتاب

اللغة: English

منشور في: London ; New York : Routledge, 1999.

الموضوعات:

الوسوم: إضافة وسم

لا توجد وسوم, كن أول من يضع وسما على هذه التسجيلة!

رقم الطلب: CB311 .M27 1999

LEADER 00948namaa2200241 4500
001 3134
003 OSt
005 20240814102257.0
008 130303s1999 enkab b 001 0 eng d
952 |0 0  |1 0  |2 lcc  |4 0  |6 CB0311 M27 01999  |7 1  |9 4675  |a ARCE  |b ARCE  |d 2020-08-09  |l 0  |o CB311 .M27 1999  |p 1009149  |r 2020-08-09 00:00:00  |w 2020-08-09  |y BK 
999 |c 8240  |d 8240 
020 |a 0415109760 
040 |c ARCE Library 
050 4 |a CB311 .M27 1999 
100 1 |a Maisels, Charles Keith,  |e author  |9 35203 
245 1 0 |a Early civilizations of the old world :  |b the formative histories of Egypt, the Levant, Mesopotamia, India, and China /  |c Charles Keith Maisels. 
264 1 |a London ;  |a New York :  |b Routledge,  |c 1999. 
300 |a xvi, 479 pages :  |b illustrations, maps ;  |c 24 cm. 
504 |a Includes bibliographical references (pages 389-446) and index. 
650 0 |a Civilization, Ancient. 
650 0 |a Intercultural communication. 
901 |a reviewed 
942 |c BK  |2 lcc